La empresa moderna (Registro nro. 2002)
[ vista simple ]
| 000 -LEADER | |
|---|---|
| fixed length control field | 01988 a2200205 4500 |
| 001 - CONTROL NUMBER | |
| control field | 30066 |
| 005 - DATE AND TIME OF LATEST TRANSACTION | |
| control field | 20260407155611.0 |
| 008 - FIXED-LENGTH DATA ELEMENTS--GENERAL INFORMATION | |
| fixed length control field | 260407a1969 arg spa d |
| 003 - CONTROL NUMBER IDENTIFIER | |
| control field | AR-UNSa-BCEJYS |
| 040 ## - CATALOGING SOURCE | |
| Original cataloging agency | AR-UNSa-BCEJYS |
| Language of cataloging | spa |
| Transcribing agency | AR-UNSa-BCEJYS |
| 080 ## - UNIVERSAL DECIMAL CLASSIFICATION NUMBER | |
| Universal Decimal Classification number | 657.474 |
| Common auxiliary subdivision | Tratamiento de los costos<br/> |
| 100 1# - MAIN ENTRY--PERSONAL NAME | |
| Personal name | Batty, J. |
| 245 10 - TITLE STATEMENT | |
| Title | La empresa moderna |
| 264 #1 - PRODUCTION, PUBLICATION, DISTRIBUTION, MANUFACTURE, AND COPYRIGHT NOTICE | |
| Place of production, publication, distribution, manufacture | Madrid : |
| Name of producer, publisher, distributor, manufacturer | Iberico Europea de Ediciones |
| Date of production, publication, distribution, manufacture, or copyright notice | 1969 |
| 300 ## - PHYSICAL DESCRIPTION | |
| Extent | 495 p. |
| Dimensions | 22 cm. |
| 505 ## - FORMATTED CONTENTS NOTE | |
| Formatted contents note | 1. Costes históricos: Introducción - 2. Costes standard: Introducción - 3. El control presupuestario - 4. El desarrollo de los costes stándard en las empresas - 5. Implantación de costes stándard para empresas - 6. Análisis de las desviaciones en las empresas - 7. Cálculo de las principales desviaciones - 8. Cálculo de las subdesviaciones - 9. Contabilidad de los costes stándards: Costes circulantes(1) - 10. Contabilidad de los costes standard: Costes standard circulantes(2) - 11. Contabilidad de los costes standard : Costes standard básicos - 12. Control de almacenes utilizando costes actuales - 13. Control de almacenes utilizando costes standard - 14. Control de costes de mano de obra - 15. Cuentas integradas y costes - 16. Presupuestos flexibles : Gastos generales de fabricación - 17. Coste standard para la venta y distribución - 18. Procedimiento de implantación de los costes standar para la venta y distribución - 19. Desviaciones en la venta y distribución - 20. Contabilidad de costes de venta y distribución - 21. Costes de administración - 22. Gastos de capital incluyendo los gastos de investigación y desarrollo - 23. Costes standard marginales - 24. Estados e informes - 25. Informes a los ejecutivos y a la alta dirección - 26. Informes a los mandos intermedios y superiores - 27. El ajuste o índole de las desviaciones y la valoración de stocks - 28. Decisiones sobre políticas y precios |
| 590 ## - LOCAL NOTE (RLIN) | |
| Local note | niveau_biblio:m niveau_hierar:0 |
| 700 1# - ADDED ENTRY--PERSONAL NAME | |
| Personal name | Vargas, F. |
| 942 ## - ADDED ENTRY ELEMENTS (KOHA) | |
| Koha item type | |
| Withdrawn status | Lost status | Damaged status | Not for loan | Home library | Current library | Shelving location | Date acquired | Total checkouts | Full call number | Barcode | Date last seen | Price effective from | Koha item type |
|---|---|---|---|---|---|---|---|---|---|---|---|---|---|
| Biblioteca Prof. Eusebio Cleto del Rey | Biblioteca Prof. Eusebio Cleto del Rey | 07/04/2026 | 657.474 B335 | L22084 | 07/04/2026 | 07/04/2026 | Libro |